000 03545cam a2200397 i 4500
001 sky311549996
003 SKY
005 20260128150521.0
008 251003s2025 nyuaf e 000 0aeng d
020 _a9780593493120
_q(hardcover)
020 _a0593493125
_q(hardcover)
040 _dSKYRV
_erda
_beng
_dCoBro
041 0 _aeng
043 _an-us---
082 0 4 _a362.764 Giuffre
_a362.764 Giuffre
092 _abiography
_bGiuffre, Virginia Roberts
100 1 _aGiuffre, Virginia Roberts,
_d1983-2025,
_eauthor.
_96555278
245 1 0 _aNobody's girl :
_ba memoir of surviving abuse and fighting for justice /
_cVirginia Roberts Giuffre.
250 _aFirst hardcover edition.
264 1 _aNew York :
_bAlfred A. Knopf,
_c2025.
264 4 _c©2025
_aNew York :
_bAlfred A. Knopf,
300 _axxvii, 367 pages, 8 unnumbered pages of plates :
_bcolor illustrations ;
_c24 cm
336 _atext
336 _astill image
337 _aunmediated
338 _avolume
505 0 _aA note from Virginia Giuffre's collaborator -- Introduction -- Part I. Daughter -- "Baby" -- Growing together -- Virginia Lee -- Less than nothing -- Vinceremos -- If wishes were horses -- A ghost came back -- Part II. Prisoner -- The pink house -- Tapping a crooked vein -- A very important man -- The bottom of the pyramid -- "Just like you do for me" -- Life with "Other-man" -- Puppets on a string -- A bridge too far -- Part III. Survivor -- The land of smiles -- Bully basher -- Honeymooners -- Down under -- Welcome to the world -- A person of interest -- "He's a Tyler!" -- My very own princess -- A small dent -- Back in the sunshine state -- Rocky Mountain high -- Part IV. Warrior -- The point of no return -- Always my daughter -- I solemnly swear -- A reckoning begins -- A taste of justice -- Survivor sisters unite -- Unbroken -- From bad to worse -- Backlash -- Maxwell on trial -- Settling up and settling down -- Nobody's girl -- Where to turn for help.
520 _a"The world knows Virginia Roberts Giuffre as Jeffrey Epstein and Ghislaine Maxwell's most outspoken victim: the woman whose decision to speak out helped send both serial abusers to prison, whose photograph with Prince Andrew catalyzed his fall from grace. But her story has never been told in full, in her own words--until now. In April 2025, Giuffre took her own life. She left behind a memoir written in the years preceding her death and stated unequivocally that she wanted it published. Nobody's Girl is the riveting and powerful story of an ordinary girl who would grow up to confront extraordinary adversity. Here, Giuffre offers an unsparing and definitive account of her time with Epstein and Maxwell, who trafficked her and others to numerous prominent men. She also details the molestation she suffered as a child, as well as her daring escape from Epstein and Maxwell's grasp at nineteen. Giuffre remade her life from scratch and summoned the courage to not only hold her abusers to account but also advocate for other victims. The pages of Nobody's Girl preserve her voice--and her legacy--forever."--
600 1 0 _aGiuffre, Virginia Roberts
_vBiography.
_96555275
600 1 0 _aEpstein, Jeffrey,
_d1953-2019.
_96458983
600 1 0 _aMaxwell, Ghislaine,
_d1961-
_96555276
650 0 _aSexual abuse victims
_zUnited States
_vBiography.
_96428691
650 0 _aChild trafficking victims
_zUnited States
_vBiography.
_96555277
655 7 _aAutobiographies.
_2lcgft.
942 _2ddc
_cBOOK
999 _c413344
_d413344